| 000 | 00332nam a22000977a 4500 | ||
|---|---|---|---|
| 082 |
_a343.549104 _bPAK |
||
| 245 |
_aPakistan Tax Decisions [P T D] 1991 / _cEdited by Malik Muhammad Saeed, Muhammad Anwar, Muhammad Zubair Saeed and et all |
||
| 260 |
_aLahore : _bPLD Publishers, _c1991. |
||
| 300 |
_avolume _c23 cm. |
||
| 942 |
_2ddc _cCR _s1 |
||
| 999 |
_c592503 _d592503 |
||